Baleines à fanons - Statistiques

Statistiques générales
  • Ce quiz a été pris 23 fois
  • Le résultat moyen est 6 sur 14
Statistiques - réponses
Hint Réponse % Correct
Balaenopteridés Baleine à bosse
100%
Balaenopteridés Baleine bleue
100%
Eschrichtiidés Baleine grise
77%
Balaenidés Baleine franche australe
62%
Balaenopteridés Rorqual commun
62%
Balaenidés Baleine boréale
46%
Neobaleinidés Baleine pygmée
31%
Balaenopteridés Petit Rorqual
23%
Balaenidés Baleine de Biscaye
15%
Balaenidés Baleine noire du Pacifique Nord
15%
Balaenopteridés Rorqual de Bryde
15%
Balaenopteridés Rorqual d'Omura
15%
Balaenopteridés Petit Rorqual de l'Antarctique
8%
Balaenopteridés Rorqual boréal
8%
Aucun quiz correspondant
Distribution des résultats
% des personnes avec chaque résultat
Percentile par nombre de réponses
Votre historique - résultats
Vous n’avez pas pris ce quiz